UM Logo

Faculty and students' perceptions on the term system of UM Digos College/ (Record no. 1762)

MARC details
000 -LEADER
fixed length control field 00480nam a22001337a 4500
008 - FIXED-LENGTH DATA ELEMENTS--GENERAL INFORMATION
fixed length control field 160414b xxu||||| |||| 00| 0 eng d
082 ## - DEWEY DECIMAL CLASSIFICATION NUMBER
Edition number 2006
Classification number UT 0144
Item number P13
100 ## - MAIN ENTRY--PERSONAL NAME
9 (RLIN) 5590
Personal name Padojinog, Odyssa Marie C.
245 ## - TITLE STATEMENT
Title Faculty and students' perceptions on the term system of UM Digos College/
Statement of responsibility, etc. Odyssa Marie C. Padojinog.
260 ## - PUBLICATION, DISTRIBUTION, ETC. (IMPRINT)
Place of publication, distribution, etc. Digos City:
Name of publisher, distributor, etc. UMDC
Date of publication, distribution, etc. March 2006.
300 ## - PHYSICAL DESCRIPTION
Extent 52 pages;
Dimensions 29 cm.
650 #0 - SUBJECT ADDED ENTRY--TOPICAL TERM
9 (RLIN) 5593
Topical term or geographic name as entry element Liberal Arts
Form subdivision English
General subdivision Undergraduate thesis.
942 ## - ADDED ENTRY ELEMENTS (KOHA)
Source of classification or shelving scheme Dewey Decimal Classification
Koha item type Undergraduate Thesis
Holdings
Withdrawn status Lost status Source of classification or shelving scheme Damaged status Not for loan Collection code Home library Current library Date acquired Total Checkouts Full call number Barcode Date last seen Price effective from Koha item type
    Dewey Decimal Classification     Undergraduate Theses UM Digos College - LIC UM Digos College - LIC 04/14/2016   UT 0144 P13 2006 UT0144 04/14/2016 04/14/2016 Undergraduate Thesis